000 00631nam a2200217 a 4500
005 20191224041657.0
008 140307b1990 flu|||||rm||| 00| 0 eng d
040 _aCO-BoIAVH
_cCO-BoIAVH
041 _aeng
044 _axxu
090 _aTE
_b0036
100 _aRestrepo, Carla
245 _aEcology and cooperative breeding in a frugivorous bird, Semnornis ramphastinus
260 _aFlorida
_bUniversity of Florida
_c1990
300 _a83 p.
650 _aOrnitología
650 _aAves frugívoras
650 _aEcología animal
650 _aComportamiento animal
942 _cTESIS
_2z
999 _c3035
_d3035